000 00434nam a22001817a 4500
003 MPLRDC
005 20220104143809.0
008 210129b ||||| |||| 00| 0 eng d
020 _a7-5015-2867-5
082 _a857.63 CZH-2
100 _a蔡智恒 等著
245 _a爱尔兰咖啡
_c
250 _a一版一刷
260 _a
_b知识
_c2001
300 _b
650 _a短篇小说--别集
942 _cBK
_o857.63 CZH-2
999 _c43431
_d43421